Rozširovanie kolektívnych zmlúv vyššieho stupňa

Kolektívne zmluvy vyššieho stupňa ako zmluvy, ktoré sú uzatvárané na úrovni odvetvia, resp. časti odvetvia medzi združením zamestnávateľov a vyšším odborovým orgánom. Právne relevantný návrh na rozšírenie kolektívnej zmluvy vyššieho stupňa. Zverejnenie návrhu a pripomienky k návrhu. Poradná komisia...

Description complète

Enregistré dans:
Détails bibliographiques
Auteur principal: Toman, Jozef
Format: Chapitre de livre
Langue:slovaque
Sujets:
Tags: Ajouter un tag
Pas de tags, Soyez le premier à ajouter un tag!

MARC

LEADER 00000naa a2200000 4500
001 0193402
005 20231109104603.4
041 0 |a slo 
044 |a SK 
245 1 0 |a Rozširovanie kolektívnych zmlúv vyššieho stupňa  |c Jozef Toman 
520 |a Kolektívne zmluvy vyššieho stupňa ako zmluvy, ktoré sú uzatvárané na úrovni odvetvia, resp. časti odvetvia medzi združením zamestnávateľov a vyšším odborovým orgánom. Právne relevantný návrh na rozšírenie kolektívnej zmluvy vyššieho stupňa. Zverejnenie návrhu a pripomienky k návrhu. Poradná komisia na prerokovanie návrhu a závery komisie. Spôsob rozšírenia kolektívnej zmluvy vyššieho stupňa. Kritériá pre rozšírenie. Viazanosť zamestnávateľa rozšírenou kolektívnou zmluvou vyššieho stupňa a výnimky z rozšírenia. 
610 2 0 |a zmluvy kolektívne 
610 2 0 |a odbory 
610 2 0 |a zamestnávatelia 
610 2 0 |a zväzy zamestnávateľov 
610 2 0 |a podmienky pracovné 
610 2 0 |a mzdy 
100 1 |a Toman, Jozef